Normal view
MARC view
- McLeod, Robert S
Entry Personal Name
001 - CONTROL NUMBER
- control field: 121077
003 - CONTROL NUMBER IDENTIFIER
- control field: NUST
005 - DATE AND TIME OF LATEST TRANSACTION
- control field: 20240222114137.0
008 - FIXED-LENGTH DATA ELEMENTS
- fixed length control field: 240222|| aca||aabn | a|a d
040 ## - CATALOGING SOURCE
- Original cataloging agency: NUST
- Transcribing agency: NUST
100 ## - HEADING--PERSONAL NAME
- Personal name: McLeod, Robert S
670 ## - SOURCE DATA FOUND
- Source citation: Work cat.: (NUST): Hopfe, Christina J. 121076, The passivhaus designer's manual :, 2015.
